Weltwirtschaftliches Archiv

Guardado en:
Detalles Bibliográficos
Formato: Seriadas
Lenguaje:inglés
Publicado: Kiel Institut für Weltwirtschaft 1995
Materias:
Etiquetas: Agregar Etiqueta
Sin Etiquetas, Sea el primero en etiquetar este registro!

MARC

LEADER 00000nas2a2200000 4500
001 c102471
005 20041019155126.4
022 |a 0043-2636 
041 0 |a eng 
044 |a DE 
245 1 0 |a Weltwirtschaftliches Archiv 
264 1 |a Kiel  |b Institut für Weltwirtschaft  |c 1995 
300 |a 1 zv. 
773 0 |w eu_un_cat*s125110 
610 2 0 |a hospodárstvo svetové